Electronic drafting and design (Record no. 20866)

000 -LEADER
fixed length control field 00602nam a22002051 4500
001 - CONTROL NUMBER
control field 20866
003 - CONTROL NUMBER IDENTIFIER
control field BD-DhUET
008 - FIXED-LENGTH DATA ELEMENTS--GENERAL INFORMATION
fixed length control field 840208s1966 nyua b 000 0 eng
040 ## - CATALOGING SOURCE
Original cataloging agency DLC
Transcribing agency DLC
Modifying agency BD-DhUET
082 00 - DEWEY DECIMAL CLASSIFICATION NUMBER
Classification number 623.004
Item number RAS/1966
100 ## - MAIN ENTRY--PERSONAL NAME
Personal name Raskhodoff, Nicholas M.
245 10 - TITLE STATEMENT
Title Electronic drafting and design
250 ## - EDITION STATEMENT
Edition statement 1st ed.
260 ## - PUBLICATION, DISTRIBUTION, ETC. (IMPRINT)
Place of publication, distribution, etc. New Jersey
Date of publication, distribution, etc. 1966
Name of publisher, distributor, etc. Prentice-Hall
300 ## - PHYSICAL DESCRIPTION
Extent xii, 594 p.
Other physical details illus.
Dimensions 24 cm.
490 ## - SERIES STATEMENT
Series statement Prentice-Hall series in electronic technology
504 ## - BIBLIOGRAPHY, ETC. NOTE
Bibliography, etc Includes bibliographies
650 #0 - SUBJECT ADDED ENTRY--TOPICAL TERM
Topical term or geographic name as entry element Electrical Engineering : Design and drafting
942 ## - ADDED ENTRY ELEMENTS (KOHA)
Koha item type General Book
Holdings
Damaged status Koha item type Koha normalized classification for sorting Not for loan Date acquired Koha date last seen Copy number Piece designation (barcode) Withdrawn status Lost status Koha full call number Shelving location Location (home branch) Price effective from Source of classification or shelving scheme Sublocation or collection (holding branch)
 General Book623_004000000000000_RAS_1966 2015-04-132015-04-1317779  623.004/RAS/1966Circulation sectionCentral Library, BUET2015-04-13 Central Library, BUET
 General Book623_004000000000000_RAS_1966 2015-04-132015-04-1327778  623.004/RAS/1966Circulation sectionCentral Library, BUET2015-04-13 Central Library, BUET
 General Book623_004000000000000_RAS_1966 2015-04-132015-04-1337782  623.004/RAS/1966Circulation sectionCentral Library, BUET2015-04-13 Central Library, BUET
 General Book623_004000000000000_RAS_1966 2015-04-132015-04-1347780  623.004/RAS/1966Circulation sectionCentral Library, BUET2015-04-13 Central Library, BUET
 General Book623_004000000000000_RAS_1966 2015-04-132015-04-13520020  623.004/RAS/1966Circulation sectionCentral Library, BUET2015-04-13 Central Library, BUET
 General Book623_004000000000000_RAS_1966 2015-04-132015-04-1367781  623.004/RAS/1966Circulation sectionCentral Library, BUET2015-04-13 Central Library, BUET
 General Book623_004000000000000_RAS_1966 2015-06-252015-06-2577783  623.004/RAS/1966Reading sectionCentral Library, BUET2015-06-25 Central Library, BUET